000 00751nam a2200253 a 4500
001 000012203
003 DO-SdBNP
005 20240411074019.0
007 ta
008 091106s1993 dr a 000 j spa d
040 _aDO-SdBNP
_bspa
_cBNPHU
_erda
082 4 _bG182j
_222
100 _aGalván, Héctor,
_d1960-
_91907
245 1 0 _aJuan Bosch :
_bhacía la unificación humana /
_cHéctor Galván
264 _aSanto Domingo :
_bEl Nuevo Siglo,
_c1993.
300 _a71 páginas :
_bilustraciones ;
_c21 cm.
336 _2rdaconten.
_atexto
_btxt
337 _2rdamedia
_asin mediación
_bn
338 _2rdacarrier
_avolumen
_bnc
590 _aInventariado, 2023 / DG
650 0 _aCuentos dominicanos
_9176
910 _aDG
942 _2ddc
_cLBS1
999 _c53211
_d53211